Telivision and Popular Culture in India (Record no. 12704)

MARC details
000 -LEADER
fixed length control field 00636nam a2200253 a 4500
020 ## - INTERNATIONAL STANDARD BOOK NUMBER
ISBN
082 00 - DEWEY DECIMAL CLASSIFICATION NUMBER
Classification number 294.5923
Author Cutter MIT
100 ## - MAIN ENTRY--AUTHOR NAME
Author name Mitra, Ananda
245 ## - TITLE STATEMENT
Title Telivision and Popular Culture in India
260 ## - PUBLICATION, DISTRIBUTION, ETC. (IMPRINT)
Place of publication Delhi
Name of publisher Sage Publication
Year of publication 1993
300 ## - PHYSICAL DESCRIPTION
Number of Pages 196p
500 ## - GENERAL NOTE
General note includes index and biblioraphy
505 2# - FORMATTED CONTENTS NOTE
Formatted contents note Index, Notes
650 ## - SUBJECT ADDED ENTRY--TOPICAL TERM
Topical Term Mahabharat T V Serial
650 ## - SUBJECT ADDED ENTRY--TOPICAL TERM
Topical Term Television and Religion
942 ## - ADDED ENTRY ELEMENTS (KOHA)
Koha item type Books
700 1# -
-- Mitra, Ananda
Holdings
Collection code Home library Current library Date acquired Cost, normal purchase price Full call number Accession Number Koha item type
  Henry Martyn Institute Library Henry Martyn Institute Library 07/27/2007 125.00 294.5923 MIT 017336 Books
                   Copyright © 2026 | Henry Martyn Institute | Hyderabad | TS-500052 | INDIA | Implemented by hmi.edu.in
Hit-Count:

Powered by Koha